Aporofobia y delito La discriminacin̤ socioeconm̤ica como agravante (art. 22,4® CP.) /

Bibliographic Details
Main Author: Bustos Rubio, Miguel
Format: eBook
Language:Spanish
Published: Barcelona: J.M. Bosch Editor, 2020
Subjects:
Online Access:Acceso restringido

MARC

LEADER 00000nam a22000007a 4500
005 20200605212545.0
007 cr|||| ||||
008 200605s2020 es |||||s|||| 00||0 spa d
020 |a 978-84-121751-6-5 
035 |a 31726 
040 |a vLex 
090 |c 10561  |d 10561 
100 1 |a Bustos Rubio, Miguel 
245 1 0 |a Aporofobia y delito  |h [Recurso electrn̤ico] :  |b La discriminacin̤ socioeconm̤ica como agravante (art. 22,4® CP.) /  |c Miguel Bustos Rubio 
256 |a Servicio en ln̕ea 
260 |a Barcelona:  |b J.M. Bosch Editor,  |c 2020 
300 |a 1 recurso electrn̤ico 
500 |a La aporofobia, como manifestacin̤ del rechazo u odio hacia la persona en situacin̤ de pobreza, aparece hoy como un problema social significativo, tal como acreditan los datos e investigaciones realizadas por las distintas instituciones que trabajan sobre la materia. Siendo misin̤ del Derecho penal lograr la tutela e intangibilidad de los bienes jurd̕icos ms̀ importantes frente a los ataques ms̀ intolerables, tambiň desde este m̀bito deben estudiarse las mejores va̕s de intervencin̤ frente al fenm̤eno de la delincuencia aporf̤oba, esto es, la presidida por motivos de odio contra estas personas. El Cd̤igo Penal espaǫl, mediante la circunstancia agravante genřica del art. 22,4® CP., recoge ciertos motivos discriminatorios cuya concurrencia en el delito al que apliquen tendr ̀el efecto de agravar la respuesta penal. Esta circunstancia, no obstante, no contempla actualmente las motivaciones aporf̤obas como causa de agravacin̤. En esta obra se propone al legislador la tipificacin̤ de tales motivos en el art 22,4® CP., desde una justificacin̤ apoyada en tres pilares: primero, la oportunidad de la intervencin̤ polt̕ico-criminal a la luz de los alarmantes datos que aporta la sociologa̕, tanto desde una p̤tica institucional como, sobre todo, personal. Segundo, la mayor necesidad de pena en supuestos de delincuencia aporf̤oba, desde un punto de vista eminentemente preventivo. Y tercero, el mayor merecimiento de sancin̤ penal en estos casos, al conculcarse, adems̀ del interš tutelado por el delito base, el valor de la igualdad que se reconoce a todas las personas, lo que hace aumentar el desvalor del hecho desde el propio contenido de injusto del delito. Este libro aporta razones para motivar un cambio en la norma, pero tambiň supone la primera gua̕ interpretativa para la correcta aplicacin̤ de la clùsula por parte de los distintos operadores jurd̕icos, cuando se produzca dicho cambio. La investigacin̤ se ha desarrollado en el marco del Proyecto i+D “Hacia un modelo de justicia social: alternativas polt̕ico-criminales” (RTI2018-095155-A-C22), dentro del proyecto coordinado “Aporofobia y Derecho penal” (RTI2018-095155-B-C21) del Ministerio de Ciencia, Innovacin̤ y Universidades. 
506 1 |a Disponible solo en los productos indicados  |d vLex Global  |d vLex Global (Academic Edition, excluding Law Schools)  |d vLex Global (U.S. Academic Edition, Law Schools)  |d vLex Global (U.S. Academic Edition, excluding Law Schools)  |d vLex Global (Academic Edition, Law Schools) 
650 0 4 |a Derecho Penal  |z Espaą 
740 0 |a vLex Libros (Servicio en ln̕ea) 
856 4 0 |u http://vlex.com/source/aporofobia-y-delito-la-discriminacion-socioeconomica-como-agravante-art-22-4-cp--31726  |z Acceso restringido 
942 |c BOOK 
999 0 |b Criminal law